Codex alimentarius: Food hygiene (basic texts)

Đã lưu trong:
Sonraí Bibleagrafaíochta
Údar Corparáideach: FAO
Formáid: Leabhar
Teanga:Undetermined
Foilsithe: Rome, Italy FAO 2004
Ábhair:
Clibeanna: Cuir Clib Leis
Gan Chlibeanna, Bí ar an gcéad duine leis an taifead seo a chlibeáil!
Thư viện lưu trữ: Trung tâm Học liệu Trường Đại học Cần Thơ
LEADER 00459nam a2200181Ia 4500
001 CTU_69281
008 210402s9999 xx 000 0 und d
082 |a 348 
082 |b F218 
110 |a FAO 
245 0 |a Codex alimentarius: Food hygiene (basic texts) 
245 0 |c FAO 
260 |a Rome, Italy 
260 |b FAO 
260 |c 2004 
650 |a Food law and legislation 
904 |i Minh 
980 |a Trung tâm Học liệu Trường Đại học Cần Thơ